000 00743nam a2200241Ia 4500
003 OSt
005 20220926022440.0
006 a|||||r|||| 00| 0
007 ta
008 220923b |||||||| |||| 00| 0 eng d
037 _cGeneral Book
040 _aRTL
_cRTL
_beng
041 _2eng
_aeng
082 _aX9(JB).5.P, P5
100 _aUnited Nations
245 0 _aEuropean forest sector outlook study 1960-2000
260 _aNew York
_bUnited Nations U. S. A.
_c2005
300 _a234p.
_ccm.
500 _aGeneva Timber and Forest Study Paper. 20.; Food and Agriculture Organization, Publication
650 _aForestry Industry
942 _hX9(JB).5.P, P5
_cGB
_2CC
999 _c639497
_d639497